2013 Spillover Report.

Five years after the global financial crisis, the severe tensions and risks rooted last year in some of the 'Systemic five' (S5)-China, euro area, Japan, United Kingdom, United States--have abated but all five are still operating below potential, id est, they are not contributing to global...

ver descrição completa

Detalhes bibliográficos
Autor Corporativo: International Monetary Fund
Formato: Periódico
Idioma:English
Publicado em: Washington, D.C. : International Monetary Fund, 2013.
Colecção:Policy Papers; Policy Paper ; No. 2013/058
Acesso em linha:Full text available on IMF
LEADER 01855cas a2200241 a 4500
001 AALejournalIMF020265
008 230101c9999 xx r poo 0 0eng d
020 |c 5.00 USD 
020 |z 9781498341561 
022 |a 2663-3493 
040 |a BD-DhAAL  |c BD-DhAAL 
110 2 |a International Monetary Fund. 
245 1 0 |a 2013 Spillover Report. 
264 1 |a Washington, D.C. :  |b International Monetary Fund,  |c 2013. 
300 |a 1 online resource (29 pages) 
490 1 |a Policy Papers 
500 |a <strong>Off-Campus Access:</strong> No User ID or Password Required 
500 |a <strong>On-Campus Access:</strong> No User ID or Password Required 
506 |a Electronic access restricted to authorized BRAC University faculty, staff and students 
520 3 |a Five years after the global financial crisis, the severe tensions and risks rooted last year in some of the 'Systemic five' (S5)-China, euro area, Japan, United Kingdom, United States--have abated but all five are still operating below potential, id est, they are not contributing to global activity as much as they might: if they could somehow close their output gaps, global output would be closer to potential by 3 percentage points. Meanwhile, many parts of the rest of the world have been at or near potential. Most recently though, there have been signs of accelerated recovery in the United States and slowdown in emerging markets. This continued divergence in cyclical positions poses a global challenge, namely to find policies that help the S5 close their output gap without over-stimulating or over-tightening, through spillovers, economies that do not need it. 
538 |a Mode of access: Internet 
830 0 |a Policy Papers; Policy Paper ;  |v No. 2013/058 
856 4 0 |z Full text available on IMF  |u http://elibrary.imf.org/view/journals/007/2013/058/007.2013.issue-058-en.xml  |z IMF e-Library